000 00499nam a2200181Ia 4500
008 240925s9999 xx 000 0 und d
020 _a9789386105110
082 _a658.00952 SHI
100 _aShimizu, Shigeo
245 0 _aJapanese-Style Management: from crises to reformation in the age of abenomics
250 _aNA
260 _aNew Delhi:
_bViva Books
_c,2017.
300 _a519p.
_b0
_fOriginal
500 _aIncludes Index
600 _aManagement
650 _aManagement
942 _cBK
999 _c16091
_d16091